First grade reading roundup : (Record no. 9937)

MARC details
000 -LEADER
fixed length control field 01332nam a22002657a 4500
001 - CONTROL NUMBER
control field 9937
003 - CONTROL NUMBER IDENTIFIER
control field FISKH
005 - DATE AND TIME OF LATEST TRANSACTION
control field 20260317163947.0
008 - FIXED-LENGTH DATA ELEMENTS--GENERAL INFORMATION
fixed length control field 260317b cb ||||| |||| 00| 0 eng d
020 ## - INTERNATIONAL STANDARD BOOK NUMBER
International Standard Book Number 9780307479495
040 ## - CATALOGING SOURCE
Original cataloging agency FISKH
Language of cataloging eng
Transcribing agency FISKH
Modifying agency FISKH
082 ## - DEWEY DECIMAL CLASSIFICATION NUMBER
Classification number 372.4
100 ## - MAIN ENTRY--PERSONAL NAME
Personal name Sylvan Learning
245 ## - TITLE STATEMENT
Title First grade reading roundup :
Remainder of title Fun games & activities to book skills /
Statement of responsibility, etc. by Sylvan Learning
250 ## - EDITION STATEMENT
Edition statement First Edition
260 ## - PUBLICATION, DISTRIBUTION, ETC.
Place of publication, distribution, etc. New York :
Name of publisher, distributor, etc. Sylvan Learning Publishing / Random House ,
Date of publication, distribution, etc. 2012 .
300 ## - PHYSICAL DESCRIPTION
Extent 29 pages :
Other physical details color illustrations ;
Dimensions 23 cm .
490 ## - SERIES STATEMENT
Series statement Sylvan Fun on the Run
Volume/sequential designation 1st Grade
505 ## - FORMATTED CONTENTS NOTE
Formatted contents note E <br/>
520 ## - SUMMARY, ETC.
Summary, etc. Have fun improving reading skills with Sylvan's proven techniques for success! First Grade Reading Roundup helps children improve their reading skills through engaging games and activities. Packed with colorful pictures and quick, fun exercises, this book will help students learn and practice while they: · Put words together to make bigger words--like "cup" and "cake" to make "cupcake"! · Unscramble pictures to show the correct sequence of a short story · Try to predict what the story in a book is about by looking at its cover ·
521 8# - TARGET AUDIENCE NOTE
Target audience note 200 <br/>
Source Lexile estimate <br/>
521 8# - TARGET AUDIENCE NOTE
Target audience note E <br/>
Source Raz-Plus <br/>
942 ## - ADDED ENTRY ELEMENTS (KOHA)
Source of classification or shelving scheme Dewey Decimal Classification
Koha item type Books
Suppress in OPAC No
Holdings
Withdrawn status Lost status Source of classification or shelving scheme Damaged status Not for loan Collection Home library Current library Shelving location Date acquired Total Checkouts Full call number Barcode Date last seen Price effective from Koha item type
    Dewey Decimal Classification     Juvenile Fiction Footprints International School Library Network Toul Tom Poung Campus Footprints International School Library Network Toul Tom Poung Campus TTP Primary Green Bookshelves 03/17/2026   SYL 372.4 2026-0337 03/17/2026 03/17/2026 Books